LIBRARY & INFORMATION CENTRE, KCAET, TAVANUR

ONLINE PUBLIC ACCESS CATALOGUE (OPAC)

Ground Water and Tube Wells (Record no. 19031)

MARC details
000 -LEADER
fixed length control field 00344nam a22001457a 4500
003 - CONTROL NUMBER IDENTIFIER
control field OSt
008 - FIXED-LENGTH DATA ELEMENTS--GENERAL INFORMATION
fixed length control field 250115b |||||||| |||| 00| 0 eng d
041 ## - LANGUAGE CODE
Language code of text/sound track or separate title eng
082 ## - DEWEY DECIMAL CLASSIFICATION NUMBER
Classification number 551.498
Item number GAR/GR
100 ## - MAIN ENTRY--AUTHOR NAME
Personal name Garg, P
245 ## - TITLE STATEMENT
Title Ground Water and Tube Wells
250 ## - EDITION STATEMENT
Edition statement 2nd
260 ## - PUBLICATION, DISTRIBUTION, ETC. (IMPRINT)
Place of publication New Delhi:
Name of publisher Dhanpat Rai & Sons,
Year of publication 1982.
942 ## - ADDED ENTRY ELEMENTS (KOHA)
Koha item type Books
Holdings
Withdrawn status Lost status Damaged status Home library Current library Date acquired Source of acquisition Full call number Accession Number Koha item type
      KAUAET KAUAET 15/01/2025 Standard Book House, Thrissur. 551.498 GAR/GR 15347 Books
free website counter